| 000 | 00949nam a2200289 a 4500 | ||
|---|---|---|---|
| 001 | 000012641 | ||
| 005 | 20200929163042.0 | ||
| 008 | 091114s1996 sp 000 f spa d | ||
| 020 | _a8427020929 | ||
| 040 |
_aDO-SdBNP _bspa _cBNPHU |
||
| 041 | 1 | 7 |
_aspa _hfre _2Código de idioma MARC |
| 082 |
_a863.1 _bG877s |
||
| 100 | 1 |
_aGrospierre, Louis, _929419 |
|
| 240 | 1 | 3 |
_aLa juive de pamiers. _lEspañol |
| 245 | 1 | 3 |
_aLa santa judía / _cLouis Grospierre, Alain Quercy ; traducción de José Ramón Monreal. |
| 260 |
_aBarcelona : _bMartínez Roca, _c1996. |
||
| 300 |
_a330, [1] p. ; _c24 cm. |
||
| 490 | 1 | _aNovela histórica | |
| 534 |
_pTítulo original en francés: _tLa juive de pamiers _cPlon, 1995. |
||
| 650 | 4 |
_aNovela española _91123 |
|
| 650 | 4 |
_aLiteratura española _9632 |
|
| 700 | 1 |
_aQuercy, Alain _929420 |
|
| 700 | 1 |
_aMonreal, José Ramón, _etr. _929421 |
|
| 830 | 0 |
_aNovela histórica _910544 |
|
| 910 | _aWM | ||
| 049 | _aBNGR | ||
| 999 |
_c12293 _d12293 |
||